Birds of the US - Gamebirds - Statistics

General Stats
  • This quiz has been taken 15 times
  • The average score is 20 of 25
Answer Stats
Hint Answer % Correct
Callipepla californica California Quail
100%
Alectoris chukar Chukar
100%
Cyrtonyx montezumae Montezuma Quail
100%
Phasianus colchicus Ring-necked Pheasant
100%
Meleagris gallopavo Wild Turkey
100%
Callipepla gambelii Gambel’s Quail
90%
Tympanuchus cupido Greater Prairie Chicken
90%
Centrocercus urophasianus Greater Sage Grouse
90%
Centrocercus minimus Gunnison Sage Grouse
90%
Pavo cristatus Indian Peafowl
90%
Tympanuchus pallidicinctus Lesser Prairie Chicken
90%
Oreortyx pictus Mountain Quail
90%
Colinus virginianus Northern Bobwhite
80%
Lagopus muta Rock Ptarmigan
80%
Bonasa umbellus Ruffed Grouse
80%
Callipepla squamata Scaled Quail
80%
Lagopus lagopus Willow Ptarmigan
80%
Dendragapus obscurus Dusky Grouse
70%
Tetraogallus himalayensis Himalayan Snowcock
70%
Lagopus leucura White-tailed Ptarmigan
70%
Perdix perdix Grey Partridge
60%
Tympanuchus phasianellus Sharp-tailed Grouse
60%
Canachites canadensis Spruce Grouse
60%
Ortalis vetula Plain Chachalaca
50%
Dendragapus fuliginosus Sooty Grouse
50%
No matching quizzes found
Score Distribution
Percent of People with Each Score
Percentile by Number Answered
Your Score History
You have not taken this quiz